Manuel elementaire de Droit Administratif

Furkejuvvon:
Bibliográfalaš dieđut
Váldodahkki: Foignet, René (Dahkki)
Materiálatiipa: Girji
Giella:fránskkagiella
Almmustuhtton: París Rousseau et Cie 1926
Preanttus:16a. ed
Fáttát:
Fáddágilkorat: Lasit fáddágilkoriid
Eai fáddágilkorat, Lasit vuosttaš fáddágilkora!

MARC

LEADER 00000cam a2200000 a 4500
001 UCD8407
003 CL-VaPUC
008 170512e19260000fr |||||||||||||||||fre|d
082 0 4 |a 342.06  |b FOI  |2 21 
100 0 |a Foignet, René  |e author  |9 592051 
245 1 0 |a Manuel elementaire de Droit Administratif 
250 |a 16a. ed 
300 |a 765 p 
942 |c BK 
945 |d 20170512 22:27:00  |a dcastane 
260 |a París  |b Rousseau et Cie  |c 1926 
650 0 |a Derecho administrativo  |9 254851 
583 |a last modification  |c 20170608 11:41:09  |k Rodrigo Vera 
999 |c 367913  |d 367911 
952 |0 0  |1 0  |3 erd  |4 0  |6 342_060000000000000_FOI_1926  |7 0  |8 X  |9 483088  |a BIBDER  |b BIBDER  |i 5375207  |o 342.06 FOI 1926  |p 5375207  |r 2023-01-25  |w 2019-11-24  |y BK_X  |z Catalogado en:20170512  |k DER